UGC NET law : (Record no. 88812)

MARC details
000 -LEADER
fixed length control field 00688nam a22001817a 4500
005 - DATE AND TIME OF LATEST TRANSACTION
control field 20140925144103.0
010 ## - LCCN (DPL NO)
LC control number ENG-110905
020 ## - INTERNATIONAL STANDARD BOOK NUMBER
International Standard Book Number 9789351432531
Terms of availability 695.00
035 ## - SYSTEM CONTROL NUMBER
System control number EN-94437
037 ## - SOURCE OF ACQUISITION
Source of stock number/acquisition DBAD/PUB
082 ## - DEWEY DECIMAL CLASSIFICATION NUMBER
Classification number 340
245 ## - TITLE STATEMENT
Title UGC NET law :
Remainder of title an objective approach for the paper II and III (Junior research fellowship and lecturership examinations) as per the latest pattern of examination w.e.f. June 2012
260 ## - PUBLICATION, DISTRIBUTION, ETC. (IMPRINT)
Place of publication, distribution, etc Gurgaon
Name of publisher, distributor, etc Lexis Nexis
Date of publication, distribution, etc 2014
270 ## - ADDRESS
Address 14th Floor, Building No.10, Tower-B, DLF Cyber City, Phase-II
City Gurgaon
Postal code 122002
300 ## - PHYSICAL DESCRIPTION
Extent xii,680p.
Dimensions 24cm(pbk)
490 ## - SERIES STATEMENT
Series statement Catapult test prep series
942 ## - ADDED ENTRY ELEMENTS (KOHA)
Source of classification or shelving scheme Dewey Decimal Classification
Item type English Books
Call number suffix UGC
Classification part 340
Holdings
Withdrawn status Lost status Not for loan Collection code Home library Current library Date acquired Source of acquisition Cost, normal purchase price Full call number Barcode Copy number Cost, replacement price Koha item type
    Not For Loan Non-fiction D.B.Act.Division D.B.Act.Division 18/09/2014 DBAD/PUB 695.00 340 UGC EN-94437 1 695.00 English Books

© Delhi Public Library
Hit Counter
free hit counter